| 000 | 01001nam a22002777a 4500 | ||
|---|---|---|---|
| 005 | 20240530110434.0 | ||
| 008 | 150406s2011 ua g b 000 0 ara d | ||
| 017 |
_a2010/14109 _bمصر . دار الكتب المصرية |
||
| 020 | _a9789774280122 | ||
| 040 | _aEG-CaGPL | ||
| 082 | 0 | 4 |
_221 _a305.5\ _bش إ |
| 100 | 0 | _aشحاته صيام | |
| 245 | 1 | 0 |
_aاتجاهات نظرية معاصرة فى علم الاجتماع / _cشحاته صيام |
| 250 | _aط1 | ||
| 260 |
_aالقاهرة : _bمصر العربية للنشر والتوزيع ، _c2011 . |
||
| 300 |
_a223 ص ؛ _c24 سم |
||
| 504 | _aيشتمل على ارجاعات ببليوجرافية | ||
| 650 | 0 | 4 |
_aالاجتماع _xعلم |
| 650 | 0 | 4 | _aالتغير الاجتماعى |
| 650 | 0 | 4 | _aالبطالة |
| 650 | 0 | 4 | _aالعمل والعمال |
| 650 | 0 | 4 | _aالسلوك الاجتماعى |
| 650 | 0 | 4 | _aالمشاكل الاجتماعية |
| 942 |
_2ddc _cBK |
||
| 999 |
_c60906 _d60906 |
||